River Flowing From The Sunrise (Record no. 353166)
[ view plain ]
| 000 -LEADER | |
|---|---|
| fixed length control field | 00678nam a2200133Ia 4500 |
| 008 - FIXED-LENGTH DATA ELEMENTS--GENERAL INFORMATION | |
| fixed length control field | 171212s9999 xx 000 0 und d |
| 020 ## - INTERNATIONAL STANDARD BOOK NUMBER | |
| International Standard Book Number | 9780874214031 |
| 100 ## - MAIN ENTRY--PERSONAL NAME | |
| Personal name | Aton, James M;McPherson, Robert |
| 245 ## - TITLE STATEMENT | |
| Statement of responsibility, etc | Aton, James M;McPherson, Robert |
| Title | River Flowing From The Sunrise |
| Remainder of title | An Environmental History of the Lower San Juan |
| 260 ## - PUBLICATION, DISTRIBUTION, ETC. (IMPRINT) | |
| Name of publisher, distributor, etc | University Press of Colorado |
| Date of publication, distribution, etc | 2000 |
| 650 ## - SUBJECT ADDED ENTRY--TOPICAL TERM | |
| Topical term or geographic name as entry element | Biological Sciences |
| 650 ## - SUBJECT ADDED ENTRY--TOPICAL TERM | |
| Topical term or geographic name as entry element | Nature -- Effect of human beings on -- San Juan River Valley (Colo.-Utah); Human ecology -- San Juan River Valley (Colo.-Utah) -- History; San Juan River Valley (Colo.-Utah) -- Environmental conditions |
| 856 ## - ELECTRONIC LOCATION AND ACCESS | |
| Uniform Resource Identifier | <a href="www.jstor.org/stable/10.2307/j.ctt46nz6w">www.jstor.org/stable/10.2307/j.ctt46nz6w</a> |
| Withdrawn status | Lost status | Damaged status | Home library | Current library | Date acquired | Total Checkouts | Full call number | Date last seen | Price effective from | Koha item type |
|---|---|---|---|---|---|---|---|---|---|---|
| College Library | College Library | 12/12/2017 | GF504.S35 A76 2000 | 12/12/2017 | 12/12/2017 | Curriculum - Based eBooks |